000 00885nam a2200241Ia 4500
003 OSt
005 20220918110850.0
006 a|||||r|||| 00| 0
007 ta
008 220915b |||||||| |||| 00| 0 hin d
024 _a161293
037 _cReference Collections
040 _aARTS
_cARTS
_bhin
041 _2hin
_ahin
082 _aNR2, 152M1(RR)
100 _aरायचौधरी, विमलाकान्त
_99527
245 0 _aराग व्याकरण, मदनलाल व्यास अनु0
246 _aRāg vyākaraṇa, madanalāl vyās anu0
260 _aनई दिल्ली
_bभारतीय ज्ञानपीठ प्रकाशन
_c1981
300 _a635 पृ0
942 _hNR2, 152M1(RR)
_cREF
999 _c115343
_d115343